000 00556nam a2200157 4500
999 _c511615
_d511615
008 190929b ||||| |||| 00| 0 eng d
100 _aMaurya, Seema
_911612
245 _aWomen participation under MGNREGS: Impact on their socio-economic empowerment
260 _bIASSI Quarterly: Contributions to Indian Social Science
300 _a38(2), Apr-Jun, 2019: p.227-247.
650 _aMGNREGS
_911613
650 _aEmployment
_911614
773 _aIASSI Quarterly: Contributions to Indian Social Science
906 _aWomen employment
942 _2ddc
_cAR